| 000 | 00507nam a2200169Ia 4500 | ||
|---|---|---|---|
| 008 | 230917s9999||||xx |||||||||||||| ||und|| | ||
| 020 | _cGBP 33.00 (RS 3387.45) | ||
| 040 |
_e5003922 _aMAIN |
||
| 041 | _aEnglish | ||
| 082 | _a759.954074794985 G699D | ||
| 100 | _aGoswamy, B N | ||
| 245 | 0 | _aDomains of wonder: Selected masterworks of Indian painting | |
| 260 |
_aSan Diego _bSan Diego Museum of Art _c2005 |
||
| 300 | _a303 p. | ||
| 500 | _a4109 11/10/2021 SBD22/1168 16/12/2021 Main Budget | ||
| 942 | _cBK | ||
| 999 |
_c2690 _d2690 |
||